[Event "IPCA Wch 21st"]
[Site "Ashdod"]
[Date "2022.05.13"]
[Round "6"]
[White "Shapiro, Evgeny"]
[Black "Oliel, Yehonatan"]
[Result "1-0"]
[WhiteElo "1884"]
[BlackElo "1535"]
[PlyCount "51"]
[EventDate "2022.05.09"]
[EventType "swiss"]
[EventRounds "9"]
[EventCountry "ISR"]
[SourceTitle "CBM 208 Extra"]
[Source "ChessBase"]
[SourceDate "2022.07.31"]
[SourceVersion "1"]
[SourceVersionDate "2022.07.31"]
[SourceQuality "1"]

1. d4 Nf6 2. Nf3 e6 3. c4 b6 4. g3 Bb7 5. Bg2 c5 6. d5 exd5 7. Nh4 d6 8. Nc3 Nc6 9. cxd5 Ne7 10. Bg5 Ng6 11. Nf5 h6 12. Bxf6 Qxf6 13. Qa4+ Kd8 14. Bh3 a6 15. Nxg7 Qe7 16. Nf5 Qc7 17. f4 Ne7 18. Nxd6 Qxd6 19. Ne4 Qc7 20. d6 Qc6 21. dxe7+ Bxe7 22. 0-0-0+ Kc7 23. Rd7+ Kb8 24. Qxc6 Bxc6 25. Rxe7 Rd8 26. Rd1 1-0

[Event "IPCA Wch 21st"]
[Site "Ashdod"]
[Date "2022.05.12"]
[Round "5"]
[White "Oliel, Yehonatan"]
[Black "Srimskov, Elishar"]
[Result "0-1"]
[WhiteElo "1535"]
[BlackElo "1992"]
[PlyCount "128"]
[EventDate "2022.05.09"]
[EventType "swiss"]
[EventRounds "9"]
[EventCountry "ISR"]
[SourceTitle "CBM 208 Extra"]
[Source "ChessBase"]
[SourceDate "2022.07.31"]
[SourceVersion "1"]
[SourceVersionDate "2022.07.31"]
[SourceQuality "1"]

1. d4 Nf6 2. Nf3 g6 3. c4 Bg7 4. Nc3 0-0 5. e4 d6 6. Be3 Ng4 7. Bf4 Nd7 8. h3 Ngf6 9. Qd2 Ne8 10. 0-0-0 c6 11. Be2 Qa5 12. Kb1 e5 13. Bh6 Nef6 14. g4 Re8 15. Bxg7 Kxg7 16. g5 Nh5 17. d5 c5 18. Ne1 Nf4 19. Nd3 Nxe2 20. Qxe2 a6 21. f4 b5 22. Nc1 b4 23. Nb3 Qd8 24. Na4 exf4 25. h4 Ne5 26. Qc2 Qc7 27. Rdf1 Bd7 28. Nd2 f3 29. b3 Bxa4 30. bxa4 Qe7 31. Rf2 Ra7 32. Re1 Rb7 33. Nxf3 Nxf3 34. Rxf3 Qe5 35. Rf6 h6 36. Qb2 hxg5 37. hxg5 Rd7 38. Ka1 Qxb2+ 39. Kxb2 Re5 40. Rf4 Rxg5 41. Rh4 Rg2+ 42. Kb3 Rg3+ 43. Kb2 Re7 44. Reh1 Rg2+ 45. Kb3 Rf2 46. Rh7+ Kf6 47. Re1 Rf3+ 48. Kb2 Ke5 49. Rh8 Ra3 50. Rf1 Rxa4 51. Rh7 Kd4 52. Rhxf7 Rxe4 53. R7f4 g5 54. Rxe4+ Kxe4 55. Rg1 Kf5 56. Rf1+ Kg6 57. Re1 Ra3 58. Re6+ Kf5 59. Rxd6 Rc3 60. Rxa6 Rxc4 61. Rc6 g4 62. Kb3 Rc3+ 63. Ka4 g3 64. Rc8 Ke5 0-1

[Event "IPCA Wch 21st"]
[Site "Ashdod"]
[Date "2022.05.09"]
[Round "1"]
[White "Lipilin, Ilia"]
[Black "Oliel, Yehonatan"]
[Result "1-0"]
[WhiteElo "2198"]
[BlackElo "1535"]
[PlyCount "67"]
[EventDate "2022.05.09"]
[EventType "swiss"]
[EventRounds "9"]
[EventCountry "ISR"]
[SourceTitle "CBM 208 Extra"]
[Source "ChessBase"]
[SourceDate "2022.07.31"]
[SourceVersion "1"]
[SourceVersionDate "2022.07.31"]
[SourceQuality "1"]

1. d4 Nf6 2. c4 g6 3. f3 d5 4. cxd5 Nxd5 5. e4 Nb6 6. Nc3 Bg7 7. Be3 Nc6 8. Bb5 Bd7 9. Nge2 a6 10. Bxc6 Bxc6 11. d5 Bd7 12. Bd4 0-0 13. a4 e6 14. Bxg7 Kxg7 15. a5 Nc8 16. Qd4+ Kg8 17. 0-0 Nd6 18. Rfd1 Qg5 19. e5 Nf5 20. Qf2 Ne3 21. Rd3 Nc4 22. Qd4 exd5 23. Nxd5 Bb5 24. Nf6+ Kh8 25. f4 Qf5 26. g4 Qe6 27. Rh3 h5 28. Rxh5+ gxh5 29. Qe4 Qxf6 30. exf6 Rg8 31. g5 Nd6 32. Qf3 Rge8 33. Qxh5+ Kg8 34. g6 1-0